000 00572nam a2200169 a 4500
001 000048345
005 20240305120454.0
008 190211s2012 dr c r 000 0 spa d
020 _a9789945415490
040 _aDO-SdBNP
_bspa
_cBNPHU
082 _axxxx
_bS237a
100 1 _aSantos, Danilo de los,
_d1943-2018
_910278
245 1 0 _aÁlbum cincuentenario 1962-2012 :
_bPontificia Universidad Católica Madre y Maestra /
_cDanilo de los Santos.
260 _aSanto Domingo :
_bBanreservas,
_c2012.
300 _a579 p. :
_bretrs. ;
_c32 cm.
590 _aInventariado, 2019 / DG
999 _c47833
_d47833